Los españoles en la historia

Zapisane w:
Opis bibliograficzny
Format: Książka
Język:hiszpański
Wydane: Madrid Espasa Calpe 1971
Wydanie:2a. ed
Seria:Colección Austral, 1260
Hasła przedmiotowe:
Etykiety: Dodaj etykietę
Nie ma etykietki, Dołącz pierwszą etykiete!

MARC

LEADER 00000nam a2200000 a 4500
001 UCM2466
003 CL-VaPUC
005 20220315074432.0
008 020607e19710000SP |||||||||||||||||spa|d
999 |c 300307  |d 300305 
040 |c Pontificia Universidad Católica de Valparaíso 
082 0 4 |a 864  |b MEN  |2 21 
245 1 4 |a Los españoles en la historia 
250 |a 2a. ed 
260 |a Madrid  |b Espasa Calpe  |c 1971 
300 |a 237 p 
490 0 |a Colección Austral, 1260 
583 |a last modification  |c 20020607 00:00:00  |k Rodrigo Vera 
650 0 |a Ensayos españoles  |9 313128 
942 |c BK  |2 ddc 
945 |d 20020607 00:00:00  |a vberengu 
952 |0 0  |1 0  |4 0  |6 864_000000000000000_MEN_1971  |7 0  |8 DER_HIS  |9 357913  |a BIBDER  |b BIBDER  |d 2019-11-21  |i 3816311  |o 864 MEN 1971  |p 3816311  |r 2023-01-25  |w 2019-11-21  |x Ubicación 4to Piso  |y BK  |z Estos recursos deben solicitarse con anticipación  |k DER